00464nam a22001577a 450000500170000000800410001702000150005804100130007308200150008610000250010124500550012625000190018126000470020030000330024765000260028020231114144032.0231114b |||||||| |||| 00| 0 eng d a0702114065 aEnglish  a344.5 LAN  aKruger, A lEnglish  aLandsown's: South African Liquor Law / cA Kruger  aFifth Edition  aCape Town : bJuta and Company Ltd, c1983 bxxxix, 536 pages ; c26 cm.  aLegal practice bLaw